000 00740nam a2200217 a 4500
001 000032435
003 OSt
005 20240304171404.0
008 110718s1901 fr c 000 0 spa d
040 _aDO-SdBNP
_bspa
_cBNPHU
082 4 _a972.93
_bL951p
_222
100 1 _aLugo, Américo
_d1870-1952
_981550
245 1 0 _aÁ punto largo /
_cAmérico Lugo ; estudio crítico Miguel A. Garrido.
260 _aParís :
_bLibrería Paul Ollendorff,
_c[1901?].
300 _a254 p. :
_bretr. ;
_c19 cm.
651 4 _aRepública Dominicana
_xPolítica y gobierno
_xHistoria
_91212
651 4 _aCuba
_xPolitica y gobierno
_xHistoria
_977037
700 1 _aGarrido, Miguel A.
_958396
910 _aValidado. Control de calidad MFF
942 _2ddc
_cLBS1
999 _c31926
_d31926